=LDR 00000nam 2200000 4500 =001 INLIS000000000019125 =005 20130612114227 =008 ***********************************Ind** =035 ##$$0010-061300000019125 =041 ##$$a Ind =082 ##$$a 823 =090 ##$$a 823, Kip c =100 ##$$a Kipling, Ruduyard =245 ##$$a Captains couraggeous, Rudyyar Kipling =260 ##$$a 1982 $b London =300 ##$$a 227 hlm, 21 cm =650 ##$$a Fiksi Inggris =850 ##$$a NBPNMAT